banner-ar

THE PASHA'S PEASNATS : (Record no. 8761)

MARC details
000 -الفاتح
حقل البيانات ثابتة الطول 00602nam a2200181Ia 4500
008 - عناصر البيانات ثابتة الطول - معلومات عامة
حقل البيانات ثابتة الطول 140319s9999 xx 000 0 eng d
020 ## - الرقم الدولى المعيارى للكتب
الرقم الدولى المعيارى للكتاب 977 424 351 X
040 ## - مصدر الفهرسة
وكالة الفهرسة الأصلية GCL /
وكالة النسخ GCL
082 04 - رقم تصنيف ديوى العشرى
رقم التصنيف CC
رقم المادة 962.03
-- C P
100 1# - المدخل الرئيسى - إسم شخصى
الإسم الشخصى CUNO, KENNETH M.
245 10 - بيان العنوان
العنوان THE PASHA'S PEASNATS :
بقية العنوان LAND, SOCIETY, AND ECONOMY IN LOWER EGYPT, 1740 - 1858 /
بيان المسئوليه,etc CUNO, KENNETH M.
260 ## - PUBLICATION, DISTRIBUTION, ETC. (IMPRINT)
تاريخ النشر أو التوزيع 1992
300 ## - الوصف المادى
التعداد 22 CM ؛
أبعاد الوعاء 277 P
650 04 - المدخل الاضافى بالموضوع-مصطلح موضوعى
مصطلح موضوعي EGYPT - SOCIAL CONDITION
650 04 - المدخل الاضافى بالموضوع-مصطلح موضوعى
مصطلح موضوعي EGYPT - HISTORY - MOHAMMED ALI, 1805-1849
942 ## - عناصر المدخل الإضافي( كوها)
مصدر التصنيف او مخطط الترفيف Dewey Decimal Classification
Koha [default] item type كتاب
260 ## - PUBLICATION, DISTRIBUTION, ETC. (IMPRINT)
-- القاهرة :
-- THE AMERICAN UNIVERSITY IN CAIRO PRESS ،
Holdings
حالة التراجع حالة الفقد حالة تلف ليس للاعارة المكان المؤقت الموقع الحالى تاريخ الاكتساب اجمالي اﻻعارات رقم الطلب الباركود تاريخ اخر مشاهدة تاريخ تفعيل السعر نوع وعاء كوها
        مكتبة القاهرة الكبرى مكتبة القاهرة الكبرى 03/26/2014   CC\962.03\C P 18395 03/26/2014 03/26/2014 كتاب

Powered By

EGPV